|
|
|
|
| LEADER |
00684nta a2200169 i 4500 |
| 001 |
dipl51315 |
| 005 |
20160419081837.0 |
| 008 |
150407s2013 hu om 0|| zxx d |
| 040 |
|
|
|a SZTE Diploma Repozitórium
|b hun
|
| 041 |
|
|
|a zxx
|
| 100 |
1 |
|
|a Mézes Bernadett
|
| 245 |
1 |
2 |
|a A Kozmosz Fantasztikus Könyvek kiadástörténete
|h [elektronikus dokumentum] /
|c Bernadett Mézes
|
| 246 |
1 |
0 |
|a The publishing history of the series Kozmosz Fantasy Books
|h [elektronikus dokumentum]
|
| 260 |
|
|
|c 2013
|
| 650 |
|
4 |
|a Bölcsészettudományok
|
| 700 |
2 |
|
|a Z. Karvalics László
|e ths
|
| 856 |
4 |
0 |
|u http://diploma.bibl.u-szeged.hu/id/eprint/51315/1/2013_M%C3%A9zes_Bernadett_MEBQAAB_SZE_SZ.pdf
|z Dokumentum-elérés
|